[Event "Alta CC-ch"]
[Site "Alta"]
[Date "2015.01.14"]
[Round "2"]
[White "Arild, Steinar"]
[Black "Martinsen, Harald"]
[Result "1-0"]
[WhiteElo "1208"]
[BlackElo "1228"]
[PlyCount "71"]
[EventDate "2015.01.14"]
[EventType "swiss"]
[EventRounds "10"]
[EventCountry "NOR"]
[SourceTitle "EXT 2017"]
[Source "ChessBase"]
[SourceDate "2016.10.25"]
[SourceVersion "1"]
[SourceVersionDate "2016.10.25"]
[SourceQuality "1"]

1. e4 e5 2. Nf3 d6 3. h3 Be6 4. Nc3 Nf6 5. d4 exd4 6. Nxd4 Nbd7 7. Qf3 Ne5 8. Qg3 Nh5 9. Qg5 g6 10. Be2 Be7 11. Qh6 Nf6 12. Qf4 Bc4 13. Bxc4 Nxc4 14. b3 Nh5 15. Qh2 Bf6 16. Nde2 Ne5 17. Bb2 Bh4 18. 0-0-0 Bxf2 19. Kb1 Qh4 20. Nd5 Bg3 21. Nxg3 Nxg3 22. Nxc7+ Ke7 23. Bxe5 dxe5 24. Rhe1 Rad8 25. Nd5+ Ke6 26. Re3 Nxe4 27. Nc7+ Kf6 28. Rf1+ Ke7 29. Qxe5+ Kd7 30. Rxf7+ Kc8 31. Qe6+ Kb8 32. Rxe4 Rd1+ 33. Kb2 Qg5 34. Na6+ bxa6 35. Rb4+ Ka8 36. Qc6# 1-0

[Event "Alta CC-ch"]
[Site "Alta"]
[Date "2013.01.16"]
[Round "1"]
[White "Martinsen, Harald"]
[Black "Greibrokk, Ingrid Andrea"]
[Result "0-1"]
[WhiteElo "1860"]
[BlackElo "1633"]
[PlyCount "78"]
[EventDate "2013.01.16"]
[EventType "swiss"]
[EventRounds "10"]
[EventCountry "NOR"]
[SourceTitle "EXT 2024"]
[Source "ChessBase"]
[SourceDate "2023.10.10"]
[SourceVersion "1"]
[SourceVersionDate "2023.10.10"]
[SourceQuality "1"]

1. d4 Nf6 2. Nf3 g6 3. Bf4 Bg7 4. e3 0-0 5. c4 d6 6. Nc3 a5 7. Be2 Nfd7 8. Rc1 Kh8 9. Qb3 e5 10. Bg3 Nc6 11. d5 Ne7 12. e4 Nc5 13. Qc2 f5 14. Bh4 Qe8 15. Nb5 Qd7 16. Bxe7 Qxe7 17. Nd2 Bh6 18. Rd1 Bxd2+ 19. Qxd2 Nxe4 20. Qe3 Nf6 21. h3 f4 22. Qf3 Bf5 23. 0-0 g5 24. g4 Bg6 25. Rfe1 Rfe8 26. Qh1 e4 27. Nd4 Qe5 28. h4 e3 29. hxg5 exf2+ 30. Kxf2 Qe3+ 31. Kf1 Ne4 32. Qf3 Nd2+ 33. Rxd2 Qxd2 34. Ne6 Rac8 35. Rd1 Qxb2 36. Qxf4 Qe5 37. Qf6+ Kg8 38. Rd3 Rf8 39. Nxf8 Rxf8 0-1

[Event "Alta CC-ch"]
[Site "Alta"]
[Date "2012.01.18"]
[Round "1"]
[White "Greibrokk, Ingrid Andrea"]
[Black "Martinsen, Harald"]
[Result "0-1"]
[WhiteElo "875"]
[BlackElo "1239"]
[PlyCount "66"]
[EventDate "2012.01.18"]
[EventType "swiss"]
[EventRounds "10"]
[EventCountry "NOR"]
[SourceTitle "EXT 2024"]
[Source "ChessBase"]
[SourceDate "2023.10.10"]
[SourceVersion "1"]
[SourceVersionDate "2023.10.10"]
[SourceQuality "1"]

1. c4 e5 2. Nc3 Bc5 3. Nf3 Nc6 4. g3 d6 5. Bg2 Nf6 6. 0-0 0-0 7. d3 h6 8. Rb1 a6 9. a3 Rb8 10. b4 Bd4 11. Bd2 Bf5 12. Qc2 Qd7 13. Rfe1 Bh3 14. Bh1 Qf5 15. e3 Bxc3 16. Bxc3 Ne7 17. Qe2 Bg4 18. e4 Qh5 19. Bg2 Nh7 20. h4 f5 21. Qe3 f4 22. Qe2 fxg3 23. fxg3 Bxf3 24. Bxf3 Qxf3 25. Qd2 Qxg3+ 26. Kh1 Rf2 27. Qxf2 Qxf2 28. Rf1 Qxh4+ 29. Kg2 Ng6 30. Be1 Qg4+ 31. Kf2 Nf4 32. Bd2 Qg2+ 33. Ke1 Qe2# 0-1

[Event "Alta Autumn"]
[Site "Alta"]
[Date "2011.09.15"]
[Round "2"]
[White "Martinsen, Harald"]
[Black "Mikalsen, Odd Erling"]
[Result "0-1"]
[WhiteElo "1217"]
[BlackElo "1784"]
[PlyCount "87"]
[EventDate "2011.09.07"]
[EventType "swiss"]
[EventRounds "10"]
[EventCountry "NOR"]
[SourceTitle "EXT 2024"]
[Source "ChessBase"]
[SourceDate "2023.10.10"]
[SourceVersion "1"]
[SourceVersionDate "2023.10.10"]
[SourceQuality "1"]

1. d4 Nf6 2. Nf3 b6 3. Bg5 Ne4 4. Bh4 Ba6 5. c3 Nc6 6. Qa4 Qc8 7. d5 Nc5 8. Qf4 Nd8 9. Nbd2 h6 10. Bg3 d6 11. c4 e5 12. dxe6 Ndxe6 13. Qf5 g6 14. Qc2 Bg7 15. Rd1 0-0 16. e3 Re8 17. Be2 Bb7 18. 0-0 a5 19. Nh4 Ng5 20. Bf3 Nce4 21. Bxe4 Nxe4 22. Nxe4 Bxe4 23. Qb3 Qe6 24. Nf3 Bb7 25. Qc2 Bxf3 26. gxf3 Qf6 27. Kg2 Qxb2 28. Qa4 Qb4 29. Qb5 Qxb5 30. cxb5 a4 31. f4 Ra5 32. Rb1 a3 33. Rfc1 Re7 34. Rb3 f5 35. f3 Bb2 36. Rd1 Ra4 37. Be1 Rc4 38. Bb4 Rc2+ 39. Kg3 Bc1 40. Bxa3 Bxe3 41. Bxd6 cxd6 42. Rxd6 g5 43. fxg5 hxg5 44. Rxb6 0-1

[Event "Alta CC-ch"]
[Site "Alta"]
[Date "2011.02.16"]
[Round "6"]
[White "Mikalsen, Odd Erling"]
[Black "Martinsen, Harald"]
[Result "1-0"]
[WhiteElo "1779"]
[BlackElo "1196"]
[PlyCount "53"]
[EventDate "2011.01.12"]
[EventType "swiss"]
[EventRounds "10"]
[EventCountry "NOR"]
[SourceTitle "EXT 2024"]
[Source "ChessBase"]
[SourceDate "2023.10.10"]
[SourceVersion "1"]
[SourceVersionDate "2023.10.10"]
[SourceQuality "1"]

1. e4 e5 2. Nf3 d6 3. h3 Be6 4. c3 h6 5. d4 exd4 6. cxd4 Qe7 7. Bd3 Nf6 8. 0-0 Qd7 9. Kh2 d5 10. e5 Ne4 11. Nc3 Bf5 12. Qe2 Nxc3 13. bxc3 Bxd3 14. Qxd3 Be7 15. Rb1 b6 16. Bf4 c5 17. e6 Qxe6 18. Rfe1 c4 19. Qc2 Qd7 20. Ne5 Qd6 21. Re3 0-0 22. Qf5 g6 23. Qc2 Qf6 24. Bxh6 Re8 25. f4 g5 26. Bxg5 Qg7 27. Bxe7 1-0

[Event "Alta ASK CC-ch"]
[Site "Alta"]
[Date "2009.02.17"]
[Round "5"]
[White "Martinsen, Harald"]
[Black "Nilsen, Nils Henrik"]
[Result "0-1"]
[WhiteElo "1205"]
[BlackElo "1363"]
[PlyCount "103"]
[EventDate "2009.01.20"]
[EventType "swiss"]
[EventRounds "10"]
[EventCountry "NOR"]
[SourceTitle "EXT 2011"]
[Source "ChessBase"]
[SourceDate "2010.11.26"]
[SourceVersion "1"]
[SourceVersionDate "2010.11.26"]
[SourceQuality "1"]

1. d4 d5 2. Bf4 Nf6 3. Nf3 e6 4. a3 c5 5. e3 Nc6 6. c4 cxd4 7. Qxd4 e5 8. Qd3 exf4 9. exf4 dxc4 10. Qxc4 Be6 11. Qe2 Bd6 12. f5 Qa5+ 13. Nc3 Qxf5 14. Nb5 Rd8 15. Rd1 Bb8 16. Rxd8+ Nxd8 17. Qd1 0-0 18. Bd3 Qh5 19. h3 Re8 20. Kf1 Nc6 21. Qc2 Bd5 22. Be2 Bxf3 23. gxf3 a6 24. Nc3 Nd4 25. Qd3 Nxe2 26. Nxe2 Ba7 27. Ng3 Qe5 28. Qd2 Bd4 29. Kg2 Nd5 30. Rd1 Nf4+ 31. Kh2 Bb6 32. b4 h5 33. Ne4 Ne2+ 34. Kg2 Nd4 35. Nc5 Nf5 36. f4 Qe2 37. Qxe2 Rxe2 38. Kf3 Rc2 39. Ke4 g6 40. Nxb7 Bxf2 41. Rd8+ Kg7 42. Ra8 Rc6 43. Na5 Re6+ 44. Kd5 Ne7+ 45. Kc4 Re4+ 46. Kd3 Re3+ 47. Kc4 Rxa3 48. Rxa6 Rxh3 49. b5 Rh4 50. Kd3 Rxf4 51. b6 Bxb6 52. Rxb6 0-1

[Event "Alta ASK CC-ch"]
[Site "Alta"]
[Date "2009.01.20"]
[Round "8"]
[White "Martinsen, Harald"]
[Black "Brasoy, Aksel"]
[Result "0-1"]
[WhiteElo "1205"]
[BlackElo "1936"]
[PlyCount "48"]
[EventDate "2009.01.20"]
[EventType "swiss"]
[EventRounds "10"]
[EventCountry "NOR"]
[SourceTitle "EXT 2011"]
[Source "ChessBase"]
[SourceDate "2010.11.26"]
[SourceVersion "1"]
[SourceVersionDate "2010.11.26"]
[SourceQuality "1"]

1. d4 Nf6 2. Bf4 g6 3. Nf3 Bg7 4. Qd2 h6 5. c4 d6 6. Nc3 g5 7. Bg3 Bf5 8. Nxg5 hxg5 9. Qxg5 Bg6 10. Qb5+ Nbd7 11. Qxb7 0-0 12. Nb5 c5 13. dxc5 Qa5+ 14. Nc3 Rab8 15. b4 Qa3 16. Qf3 Qxb4 17. c6 Nc5 18. Kd1 Nfe4 19. Nxe4 Bxe4 20. Qg4 Bc2+ 21. Kc1 Qb2+ 22. Kd2 Qc3+ 23. Kc1 Qxa1+ 24. Kxc2 Qc3+ 0-1

[Event "Alta CC-ch"]
[Site "Alta"]
[Date "2008.03.11"]
[Round "6"]
[White "Nilsen, Nils Henrik"]
[Black "Martinsen, Harald"]
[Result "1-0"]
[WhiteElo "1357"]
[BlackElo "1215"]
[PlyCount "87"]
[EventDate "2008.01.15"]
[EventType "swiss"]
[EventRounds "10"]
[EventCountry "NOR"]
[SourceTitle "EXT 2024"]
[Source "ChessBase"]
[SourceDate "2023.10.10"]
[SourceVersion "1"]
[SourceVersionDate "2023.10.10"]
[SourceQuality "1"]

1. Nf3 d6 2. d4 Bg4 3. e3 Nf6 4. Be2 e6 5. c4 Qd7 6. Nc3 a6 7. 0-0 Be7 8. e4 0-0 9. Bg5 Nh5 10. Be3 Nf6 11. h3 Bh5 12. Qc2 Bg6 13. Rad1 d5 14. Ne5 Qd8 15. Nxg6 fxg6 16. cxd5 exd5 17. e5 Nh5 18. Bf3 c6 19. Bg4 Bg5 20. Qb3 b5 21. Ne2 Ra7 22. f4 Bh4 23. Kh2 Qe8 24. g3 Bd8 25. Rc1 Re7 26. a4 Nf6 27. Bf3 Nfd7 28. axb5 axb5 29. Bd2 Ref7 30. Nc3 g5 31. Bg4 gxf4 32. gxf4 Nb6 33. Ne2 Bg5 34. e6 Rf6 35. Bb4 Bxf4+ 36. Nxf4 Rxf4 37. Bxf8 Qxf8 38. Rfe1 Qe7 39. Qe3 Re4 40. Qg3 Na6 41. Rxc6 Rxe1 42. Rxb6 Qc7 43. Qxc7 Nxc7 44. Rb8+ 1-0

[Event "Alta ASK CC-ch"]
[Site "Alta"]
[Date "2006.03.07"]
[Round "7"]
[White "Rist, Karl Johan"]
[Black "Martinsen, Harald"]
[Result "0-1"]
[WhiteElo "1248"]
[BlackElo "1182"]
[PlyCount "90"]
[EventDate "2006.01.17"]
[EventType "swiss"]
[EventRounds "10"]
[EventCountry "NOR"]
[SourceTitle "EXT 2008"]
[Source "ChessBase"]
[SourceDate "2007.11.25"]
[SourceVersion "1"]
[SourceVersionDate "2007.11.25"]
[SourceQuality "1"]

1. d4 d5 2. c4 Nf6 3. Nc3 e6 4. Nf3 Bb4 5. Bg5 0-0 6. Qc2 Nc6 7. e3 Ne7 8. Bxf6 gxf6 9. c5 Ng6 10. Bd3 Re8 11. h4 e5 12. h5 Bxc3+ 13. bxc3 e4 14. hxg6 fxg6 15. Be2 exf3 16. Bxf3 Bf5 17. Qd2 c6 18. Qe2 Qa5 19. Qb2 Re7 20. 0-0-0 Rb8 21. c4 Be4 22. Bxe4 dxe4 23. Rd2 b6 24. Rc2 Reb7 25. Rc3 Qa4 26. Qb3 Qa5 27. Qc2 bxc5 28. Rb3 Rxb3 29. axb3 Qa1+ 30. Qb1 Qxb1+ 31. Kxb1 Rxb3+ 32. Kc2 Ra3 33. Kb2 Ra4 34. Kb3 Ra5 35. Rd1 cxd4 36. Rxd4 f5 37. Rd7 c5 38. Rb7 h5 39. Rb5 Rxb5+ 40. cxb5 h4 41. Kc4 g5 42. Kxc5 g4 43. Kd4 h3 44. Ke5 hxg2 45. Kxf5 g1Q 0-1

[Event "Alta ASK CC-ch"]
[Site "Alta"]
[Date "2006.02.21"]
[Round "6"]
[White "Martinsen, Harald"]
[Black "Pedersen, Birger"]
[Result "1-0"]
[WhiteElo "1182"]
[BlackElo "1245"]
[PlyCount "49"]
[EventDate "2006.01.17"]
[EventType "swiss"]
[EventRounds "10"]
[EventCountry "NOR"]
[SourceTitle "EXT 2008"]
[Source "ChessBase"]
[SourceDate "2007.11.25"]
[SourceVersion "1"]
[SourceVersionDate "2007.11.25"]
[SourceQuality "1"]

1. d4 d5 2. Bf4 e6 3. Nf3 Bd6 4. Bg5 f6 5. Bh4 Ne7 6. e3 Ng6 7. Bg3 0-0 8. Bd3 f5 9. c4 c6 10. Bxd6 Qxd6 11. Ng5 h6 12. Nh3 dxc4 13. Bxc4 Qb4+ 14. Nd2 Qe7 15. Qh5 Qf6 16. 0-0-0 a5 17. Rhg1 b5 18. Bd3 Bd7 19. g4 Be8 20. g5 Ne5 21. dxe5 Bxh5 22. gxf6 Bxd1 23. Rxg7+ Kh8 24. Kxd1 Na6 25. Nf4 1-0

[Event "NOR-chT"]
[Site "Karasjok"]
[Date "2005.10.09"]
[Round "5"]
[White "Keskitalo, Alf Isak"]
[Black "Martinsen, Harald"]
[Result "1/2-1/2"]
[WhiteElo "980"]
[BlackElo "1163"]
[PlyCount "82"]
[EventDate "2005.10.07"]
[EventType "team"]
[EventRounds "5"]
[EventCountry "NOR"]
[SourceTitle "EXT 2007"]
[Source "ChessBase"]
[SourceDate "2006.11.23"]
[SourceVersion "1"]
[SourceVersionDate "2006.11.23"]
[SourceQuality "1"]

1. Nf3 d6 2. Nc3 Nf6 3. d4 h6 4. e4 c6 5. Be2 Qb6 6. 0-0 Bg4 7. Re1 Bxf3 8. Bxf3 e5 9. dxe5 dxe5 10. Qd3 Bc5 11. Re2 0-0 12. Na4 Qb4 13. Nxc5 Qxc5 14. Be3 Qe7 15. Qc3 Nbd7 16. a3 c5 17. Rd1 b6 18. Red2 h5 19. b3 Rad8 20. Qc4 Nb8 21. Rxd8 Rxd8 22. Rxd8+ Qxd8 23. Qe2 Nc6 24. c3 g6 25. Qd2 Qxd2 26. Bxd2 Kg7 27. g3 Na5 28. Bg2 Nb7 29. f3 Nd6 30. h4 Nd7 31. Kf2 f6 32. Ke3 b5 33. Bh3 Nb6 34. g4 hxg4 35. fxg4 c4 36. b4 Na4 37. Kf3 g5 38. h5 Nf7 39. Ke3 Nd8 40. Bf1 Ne6 41. Be1 Nf4 1/2-1/2

[Event "NOR-chT"]
[Site "Karasjok"]
[Date "2005.10.09"]
[Round "4"]
[White "Martinsen, Harald"]
[Black "Talberg, Kristian"]
[Result "1-0"]
[WhiteElo "1163"]
[BlackElo "1350"]
[PlyCount "99"]
[EventDate "2005.10.07"]
[EventType "team"]
[EventRounds "5"]
[EventCountry "NOR"]
[SourceTitle "EXT 2007"]
[Source "ChessBase"]
[SourceDate "2006.11.23"]
[SourceVersion "1"]
[SourceVersionDate "2006.11.23"]
[SourceQuality "1"]

1. d4 d6 2. Bf4 Nf6 3. Nf3 Nbd7 4. e3 g6 5. c4 Bg7 6. Be2 0-0 7. Nc3 Re8 8. 0-0 e5 9. dxe5 dxe5 10. Nxe5 Qe7 11. Nxd7 Bxd7 12. Bxc7 Qc5 13. Bf4 Rad8 14. Qb3 Bc6 15. Rac1 Nh5 16. Bxh5 Qxh5 17. f3 g5 18. Bc7 Rd7 19. Nd5 Rxc7 20. Nxc7 Be5 21. Nxe8 Qxh2+ 22. Kf2 Bg3+ 23. Ke2 Qxg2+ 24. Kd3 Bxe8 25. Qxb7 f6 26. Qc8 Kf8 27. Qc5+ Kg7 28. Qe7+ Bf7 29. Qxa7 Qxb2 30. Rc2 Qb4 31. Qd7 Kg6 32. Qd4 Kg7 33. Rg1 Bg6+ 34. e4 Be5 35. Qd7+ Bf7 36. Rgc1 Qa3+ 37. Ke2 Bf4 38. Rc3 Qxa2+ 39. R1c2 Qa1 40. c5 Qg1 41. Qg4 Qd4 42. c6 h5 43. Qd7 Qg1 44. Qd4 Qh2+ 45. Qf2 Qh3 46. c7 Qc8 47. Qa7 g4 48. fxg4 Qxg4+ 49. Rf3 Qg2+ 50. Qf2 1-0

[Event "Alta Hostturnering"]
[Site "Alta"]
[Date "2005.09.20"]
[Round "3"]
[White "Rasmussen, Egil"]
[Black "Martinsen, Harald"]
[Result "0-1"]
[WhiteElo "1329"]
[BlackElo "1163"]
[PlyCount "88"]
[EventDate "2005.09.06"]
[EventType "swiss"]
[EventRounds "10"]
[EventCountry "NOR"]
[SourceTitle "EXT 2009"]
[Source "ChessBase"]
[SourceDate "2008.11.26"]
[SourceVersion "1"]
[SourceVersionDate "2008.11.26"]
[SourceQuality "1"]

1. e4 e5 2. Nf3 d6 3. Bc4 Be7 4. 0-0 Nf6 5. d3 0-0 6. h3 Bd7 7. Be3 Nc6 8. Nc3 Qc8 9. Nd5 Bd8 10. Bg5 Nxd5 11. Bxd5 Ne7 12. Bc4 Be6 13. Bxe6 Qxe6 14. Nh2 f5 15. exf5 Nxf5 16. Bxd8 Raxd8 17. c3 d5 18. Qb3 b6 19. Nf3 Ne7 20. Rae1 Ng6 21. Re3 Qd6 22. Rfe1 Qf6 23. d4 exd4 24. cxd4 Nf4 25. Qc2 c6 26. Ne5 Rd6 27. Rf3 Qh6 28. Ng4 Qg5 29. Rg3 Qg6 30. Qd2 Nh5 31. Ne5 Qf6 32. Rf3 Qd8 33. Ree3 Nf6 34. Qc2 Qc7 35. Rc3 Rc8 36. b4 Re6 37. a3 Qd6 38. Rce3 Rc7 39. Qe2 Rce7 40. Rf4 c5 41. bxc5 bxc5 42. Nd3 Rxe3 43. fxe3 c4 44. Nc5 Qxf4 0-1

[Event "Alta CC-ch"]
[Site "Alta"]
[Date "2005.02.22"]
[Round "5"]
[White "Martinsen, Harald"]
[Black "Jaeger Nilsen, Brage"]
[Result "1-0"]
[WhiteElo "1163"]
[BlackElo "808"]
[PlyCount "57"]
[EventDate "2005.01.18"]
[EventType "swiss"]
[EventRounds "10"]
[EventCountry "NOR"]
[SourceTitle "EXT 2007"]
[Source "ChessBase"]
[SourceDate "2006.11.23"]
[SourceVersion "1"]
[SourceVersionDate "2006.11.23"]
[SourceQuality "1"]

1. d4 d5 2. Bf4 Nf6 3. Nf3 Bg4 4. e3 e6 5. a3 Be7 6. Be2 Nc6 7. Ne5 Nxe5 8. Bxe5 Bxe2 9. Qxe2 0-0 10. 0-0 Bd6 11. Bxd6 Qxd6 12. Nd2 c5 13. dxc5 Qxc5 14. Nf3 Qb6 15. b4 Rfc8 16. Rfc1 Ne4 17. c4 dxc4 18. Rxc4 Rxc4 19. Qxc4 Nd6 20. Qd3 Nb5 21. a4 Nd6 22. Rd1 Rc8 23. b5 a6 24. h3 Ne8 25. bxa6 Qxa6 26. Qd7 b6 27. Ne5 Ra8 28. Qxf7+ Kh8 29. Qf8# 1-0

[Event "Alta Hostturnering"]
[Site "Alta"]
[Date "2004.10.26"]
[Round "8"]
[White "Martinsen, Harald"]
[Black "Pedersen, Birger"]
[Result "1/2-1/2"]
[WhiteElo "1109"]
[BlackElo "1245"]
[PlyCount "48"]
[EventDate "2004.09.07"]
[EventType "swiss"]
[EventRounds "10"]
[EventCountry "NOR"]
[SourceTitle "EXT 2009"]
[Source "ChessBase"]
[SourceDate "2008.11.26"]
[SourceVersion "1"]
[SourceVersionDate "2008.11.26"]
[SourceQuality "1"]

1. d4 Nf6 2. Nf3 d5 3. Bf4 g6 4. e3 Bg7 5. c4 Bf5 6. Nc3 c6 7. Qb3 b6 8. cxd5 Nxd5 9. Nxd5 Qxd5 10. Qxd5 cxd5 11. Bxb8 Rxb8 12. Bb5+ Bd7 13. Bxd7+ Kxd7 14. Rc1 f6 15. 0-0 Rhc8 16. b3 Rxc1 17. Rxc1 Rc8 18. Rxc8 Kxc8 19. Kf1 Kc7 20. Ke2 Kc6 21. Kd3 Kb5 22. Nd2 Kb4 23. Nb1 e5 24. f3 Kb5 1/2-1/2

[Event "Karasjok op1"]
[Site "Karasjok"]
[Date "2004.10.17"]
[Round "4"]
[White "Johansen, Alf Age"]
[Black "Martinsen, Harald"]
[Result "0-1"]
[WhiteElo "960"]
[BlackElo "1109"]
[PlyCount "144"]
[EventDate "2004.10.15"]
[EventType "swiss"]
[EventRounds "5"]
[EventCountry "NOR"]
[SourceTitle "EXT 2008"]
[Source "ChessBase"]
[SourceDate "2007.11.25"]
[SourceVersion "1"]
[SourceVersionDate "2007.11.25"]
[SourceQuality "1"]

1. e4 e5 2. d4 exd4 3. c3 dxc3 4. Bc4 Nc6 5. Nxc3 Nf6 6. Bg5 Be7 7. Nd5 Nxe4 8. Bxe7 Nxe7 9. Qf3 Nxd5 10. Bxd5 Nf6 11. Ne2 Nxd5 12. Qxd5 Qe7 13. Rd1 0-0 14. Rd2 c6 15. Qc4 d5 16. Qd3 Bg4 17. 0-0 Rfe8 18. Ng3 Qe5 19. h3 Bh5 20. f4 Qe3+ 21. Qxe3 Rxe3 22. Nxh5 Rae8 23. f5 f6 24. Nf4 R8e5 25. Nd3 Re7 26. Nc5 b6 27. Na6 Re8 28. Rc1 R3e5 29. g4 c5 30. Nc7 Rd8 31. Kg2 d4 32. a3 Re3 33. a4 Rd7 34. Nb5 Rde7 35. Rcc2 d3 36. Rc1 R7e4 37. Nc3 Rd4 38. Rh1 c4 39. Kf2 Re5 40. Re1 Ra5 41. Re6 Kf7 42. Ke3 Rd7 43. Rc6 Re5+ 44. Kf2 Rc5 45. Rxc5 bxc5 46. Kf3 a6 47. Ke4 g6 48. h4 Rd4+ 49. Kf3 gxf5 50. gxf5 Rxh4 51. Kg3 Rd4 52. Kh3 Rf4 53. Kg3 Rxf5 54. Ne4 Ke6 55. Kg4 h5+ 56. Kg3 Kd5 57. Nf2 Kd4 58. Nd1 Re5 59. Kf3 h4 60. Nc3 h3 61. Kg3 Rh5 62. Kh2 Ke3 63. Rd1 f5 64. Re1+ Kf2 65. Rh1 f4 66. a5 f3 67. b3 cxb3 68. Ne4+ Ke3 69. Nf2 Kxf2 70. Rb1 c4 71. Kh1 Re5 72. Kh2 d2 0-1

[Event "Alta Hostturnering"]
[Site "Alta"]
[Date "2004.10.05"]
[Round "5"]
[White "Martinsen, Harald"]
[Black "Romsdal, Svein Erik"]
[Result "1-0"]
[WhiteElo "1109"]
[BlackElo "890"]
[PlyCount "87"]
[EventDate "2004.09.07"]
[EventType "swiss"]
[EventRounds "10"]
[EventCountry "NOR"]
[SourceTitle "EXT 2009"]
[Source "ChessBase"]
[SourceDate "2008.11.26"]
[SourceVersion "1"]
[SourceVersionDate "2008.11.26"]
[SourceQuality "1"]

1. d4 e6 2. a3 d5 3. Nf3 c5 4. e3 Nf6 5. c4 Nc6 6. Nc3 a6 7. Be2 dxc4 8. Bxc4 b5 9. Ba2 Bb7 10. 0-0 Qc7 11. d5 Rd8 12. e4 Ne7 13. Re1 Ng6 14. Bg5 Be7 15. Qc2 b4 16. Bxf6 gxf6 17. axb4 cxb4 18. Qa4+ Kf8 19. Ne2 e5 20. Rac1 Qb6 21. Ng3 Bc5 22. Re2 Nf4 23. Rec2 Nd3 24. Rf1 Rc8 25. Qb3 Bxf2+ 26. Rcxf2 Nxf2 27. Rxf2 Rc1+ 28. Nf1 Kg7 29. d6 Rf8 30. Qd3 Qc5 31. N3d2 Rd1 32. Bb3 Re1 33. g3 Bc6 34. Kg2 Bb5 35. Bc4 Rd8 36. Bxb5 Rxd6 37. Qf3 Qxb5 38. Ne3 Rd3 39. Qxf6+ Kg8 40. Nec4 Qd7 41. Nxe5 Rxd2 42. Nxd7 Rxd7 43. Qxa6 Rxe4 44. Qc8+ 1-0

[Event "Barents Region-chC"]
[Site "Arta"]
[Date "2004.06.20"]
[Round "6"]
[White "Floer, Stig Ove"]
[Black "Martinsen, Harald"]
[Result "0-1"]
[WhiteElo "1212"]
[BlackElo "1109"]
[PlyCount "64"]
[EventDate "2004.06.18"]
[EventType "swiss"]
[EventRounds "6"]
[EventCountry "NOR"]
[SourceTitle "EXT 2007"]
[Source "ChessBase"]
[SourceDate "2006.11.23"]
[SourceVersion "1"]
[SourceVersionDate "2006.11.23"]
[SourceQuality "1"]

1. e4 e5 2. Nf3 d6 3. d4 exd4 4. Bc4 Bg4 5. 0-0 Be7 6. c3 Bf6 7. Re1 Bxf3 8. Qxf3 dxc3 9. Nxc3 Nd7 10. Bf4 Ne7 11. Rad1 0-0 12. e5 dxe5 13. Bxe5 Bxe5 14. Rxe5 Nxe5 15. Qe2 Qe8 16. Qxe5 c6 17. Ne4 Ng6 18. Qf5 Qe5 19. Qg4 Rad8 20. Re1 Rd4 21. Bb3 Kh8 22. Qf3 f5 23. Bc2 Rd2 24. Nxd2 Qxe1+ 25. Nf1 Ne5 26. Qa3 Ra8 27. Bxf5 a6 28. f4 Nc4 29. Qh3 h6 30. Qh5 Ne3 31. Bd3 Nxf1 32. Bxf1 Rf8 0-1

[Event "Alta CC-ch"]
[Site "Alta"]
[Date "2004.03.23"]
[Round "9"]
[White "Martinsen, Harald"]
[Black "Pedersen, Birger"]
[Result "0-1"]
[WhiteElo "1068"]
[BlackElo "1215"]
[PlyCount "92"]
[EventDate "2004.01.??"]
[EventType "swiss"]
[EventRounds "10"]
[EventCountry "NOR"]
[SourceTitle "EXT 2006"]
[Source "ChessBase"]
[SourceDate "2005.11.24"]
[SourceVersion "1"]
[SourceVersionDate "2005.11.24"]
[SourceQuality "1"]

1. d4 Nf6 2. Bf4 Nd5 3. Bg3 g6 4. Nf3 Bg7 5. e4 Nb6 6. a4 a5 7. Nc3 d6 8. h3 Bd7 9. Nb5 c6 10. Nc3 Na6 11. e5 d5 12. Bd3 Nc7 13. 0-0 Ne6 14. Qd2 Qc7 15. Be2 h5 16. Nh4 Bh6 17. f4 Nc8 18. Nd1 Na7 19. c3 0-0-0 20. Bd3 Be8 21. Qf2 c5 22. f5 gxf5 23. Bxf5 cxd4 24. cxd4 Kb8 25. Nc3 Qb6 26. Rfd1 Rg8 27. Nf3 Nf4 28. Bxf4 Bxf4 29. Qc2 f6 30. Re1 fxe5 31. Nxe5 Bxe5 32. Kh1 Bf6 33. Be6 Bc6 34. Bxg8 Rxg8 35. Qh7 Re8 36. Qxh5 Rg8 37. Nxd5 Qxb2 38. Qf3 e6 39. Rxe6 Qxa1+ 40. Kh2 Qxd4 41. Rxf6 Qxd5 42. Rf8+ Rxf8 43. Qxf8+ Nc8 44. Qg7 Qd6+ 45. Kg1 Bxa4 46. Qg5 b5 0-1

[Event "Alta CC-ch"]
[Site "Alta"]
[Date "2004.03.09"]
[Round "8"]
[White "Beck Andersen, Geir"]
[Black "Martinsen, Harald"]
[Result "1/2-1/2"]
[WhiteElo "1170"]
[BlackElo "1068"]
[PlyCount "91"]
[EventDate "2004.01.??"]
[EventType "swiss"]
[EventRounds "10"]
[EventCountry "NOR"]
[SourceTitle "EXT 2006"]
[Source "ChessBase"]
[SourceDate "2005.11.24"]
[SourceVersion "1"]
[SourceVersionDate "2005.11.24"]
[SourceQuality "1"]

1. e4 e5 2. Nf3 d6 3. d4 exd4 4. Nxd4 Nf6 5. Nc3 a6 6. Bg5 Nbd7 7. Bd3 Be7 8. Nf5 0-0 9. f4 Nc5 10. Nxe7+ Qxe7 11. Nd5 Nxd3+ 12. cxd3 Qd8 13. Nxf6+ gxf6 14. Bh6 Re8 15. Qf3 Kh8 16. f5 d5 17. 0-0-0 d4 18. g4 Rg8 19. h4 Qe7 20. Rdg1 Bd7 21. g5 c5 22. gxf6 Qxf6 23. Bg5 Qe5 24. f6 Rg6 25. Rg2 Rag8 26. Rhg1 h6 27. Bxh6 Rxg2 28. Rxg2 Rxg2 29. Qxg2 Qxf6 30. Bg5 Qg6 31. Qf3 Kg8 32. Qf4 Bc6 33. Qe5 Qe6 34. Qxe6 fxe6 35. e5 Bd5 36. b3 b5 37. Bf6 Kh7 38. Kd2 Kg6 39. a4 Bxb3 40. axb5 axb5 41. Bd8 Kh5 42. Bb6 c4 43. dxc4 Bxc4 44. Bxd4 Kxh4 45. Kc3 Kg4 46. Kb4 1/2-1/2

[Event "Alta CC-ch"]
[Site "Alta"]
[Date "2004.01.13"]
[Round "1"]
[White "Nilsen, Nils Henrik"]
[Black "Martinsen, Harald"]
[Result "1-0"]
[WhiteElo "1329"]
[BlackElo "1068"]
[PlyCount "75"]
[EventDate "2004.01.??"]
[EventType "swiss"]
[EventRounds "10"]
[EventCountry "NOR"]
[SourceTitle "EXT 2006"]
[Source "ChessBase"]
[SourceDate "2005.11.24"]
[SourceVersion "1"]
[SourceVersionDate "2005.11.24"]
[SourceQuality "1"]

1. d4 d5 2. f4 e6 3. Nf3 c5 4. e3 Bd7 5. c3 Bd6 6. Bd3 h6 7. Ne5 Bxe5 8. fxe5 c4 9. Bc2 Ne7 10. Nd2 0-0 11. 0-0 Ng6 12. Bxg6 fxg6 13. Qg4 Rxf1+ 14. Nxf1 Qe8 15. Bd2 Ba4 16. e4 Bc6 17. exd5 Bxd5 18. Ne3 Bc6 19. Nxc4 Kh7 20. Nd6 Qe7 21. Rf1 Be8 22. Qf3 Nc6 23. Qf8 Qd7 24. Rf3 Ne7 25. Nf7 g5 26. g4 Ng6 27. Nxg5+ hxg5 28. Rh3+ Nh4 29. Bxg5 Kg6 30. Bxh4 Rc8 31. Qf4 Qa4 32. Qg5+ Kh7 33. Be1+ Kg8 34. Qh4 Qxa2 35. Qh8+ Kf7 36. Rf3+ Ke7 37. Qxg7+ Kd8 38. Bh4# 1-0